| 000 | 00553nam a2200157 4500 | ||
|---|---|---|---|
| 005 | 20260410221329.0 | ||
| 008 | - | ||
| 040 |
_aBiblioteca LadoV Teorética _cBiblioteca LadoV Teorética |
||
| 082 | 0 | 4 |
_a417.02 _bD674t |
| 100 | 1 | _aDon, Mee Choi | |
| 245 | 1 | 3 |
_aLa traducción es una forma : _bLa traducción es una forma: La traducción es una forma anti-neocolonial / _cpor Don Mee Choi |
| 260 | 1 |
_aMexico : _bTaller XD--Cráter Invertido, _c2020 |
|
| 300 |
_a19 páginas : _bdibujos a color ; _c20 x 14 cm. |
||
| 650 | 4 | _aTRADUCCIONES | |
| 942 |
_2ddc _c1 _n0 |
||
| 999 |
_c4635 _d4635 |
||